Introductory Financial Accounting. (Record no. 6664)

MARC details
005 - DATE AND TIME OF LATEST TRANSACTION
control field 20250711095019.0
020 ## - INTERNATIONAL STANDARD BOOK NUMBER
International Standard Book Number 973 9976 60 518 1
082 ## - DEWEY DECIMAL CLASSIFICATION NUMBER
Classification number 657.48 ASS
100 ## - MAIN ENTRY--PERSONAL NAME
Author name ASSAD, M. J.
245 ## - TITLE STATEMENT
Title Introductory Financial Accounting.
260 ## - PUBLICATION, DISTRIBUTION, ETC.
Place of publication, distribution, etc. Dar es Salaam,
Name of publisher, distributor, etc. NBAA,
Date of publication, distribution, etc. 2014.
300 ## - PHYSICAL DESCRIPTION
Extent xiii, 437p.: ill.;
Other physical details Index
Dimensions 26cm
700 ## - ADDED ENTRY--PERSONAL NAME
Other authors/Editors BAUTISTA, I. V.
942 ## - ADDED ENTRY ELEMENTS (KOHA)
Source of classification or shelving scheme Dewey Decimal Classification
Koha item type Books
Holdings
Date last seen Total checkouts Full call number Barcode Cost, replacement price Price effective from Koha item type Lost status Source of classification or shelving scheme Damaged status Not for loan Withdrawn status Home library Current library Shelving location Date acquired Cost, normal purchase price
07/11/2025   657.48 ASS 00000013638 150000.00 07/11/2025 Books   Dewey Decimal Classification       College of Business Education Main Library College of Business Education Main Library General Collection 06/26/2025 50000.00
07/11/2025   657.48 ASS 00000013639 150000.00 07/11/2025 Books   Dewey Decimal Classification       College of Business Education Main Library College of Business Education Main Library General Collection 06/26/2025 50000.00
07/11/2025   657.48 ASS 00000013640 150000.00 07/11/2025 Books   Dewey Decimal Classification       College of Business Education Main Library College of Business Education Main Library General Collection 06/26/2025 50000.00